000 00428cam a22001337a 4500
008 180718b1952 xxu||||| |||| 00| 0 eng d
082 _aK5 Sa99
100 _aSayre, Wallage S.
245 _aTraining for specialized mission personnel
_cby Wallac S. Sayre and Clarence E. Thurber
260 _aChicago
_bPublished Administration Service
_c1952
300 _a85p.
650 _aGovernment missions
700 _aThurber, Clarence E.
999 _c441606
_d441606